[Event "SC Postbauer-Heng-Kieler SG Meerbauer"]
[Site "Bingen"]
[Date "2008.12.30"]
[Round "7.1"]
[White "Hoeger, Bastian"]
[Black "Kordts, Florian"]
[Result "0-1"]
[WhiteElo "1763"]
[BlackElo "1812"]
[PlyCount "62"]
[EventDate "2008.??.??"]

1. c4 c5 2. g3 g6 3. Bg2 Bg7 4. e3 e5 5. Nc3 Nc6 6. a3 a5 7. Nge2 Nge7 8. Rb1
d6 9. O-O O-O 10. d3 Rb8 11. Bd2 Be6 12. Nd5 f5 13. Qc2 b6 14. Nxe7+ Nxe7 15.
b4 axb4 16. axb4 Qd7 17. b5 d5 18. f3 Ra8 19. e4 dxc4 20. dxc4 Rfd8 21. Bg5 h6
22. Rfd1 Qe8 23. Bxe7 Qxe7 24. Bf1 Qf7 25. Rxd8+ Rxd8 26. Nc1 fxe4 27. fxe4 h5
28. Rb3 Rf8 29. Qe2 Bh6 30. Rc3 Bg4 31. Qe1 Bd2 0-1

[Event "SC Postbauer-Heng-Kieler SG Meerbauer"]
[Site "Bingen"]
[Date "2008.12.30"]
[Round "7.2"]
[White "Grimm, Pascal"]
[Black "Hoeger, Phillipp"]
[Result "0-1"]
[WhiteElo "1878"]
[BlackElo "1743"]
[PlyCount "90"]
[EventDate "2008.??.??"]

1. a3 Nf6 2. c4 g6 3. Nc3 Bg7 4. d4 O-O 5. e4 d6 6. f3 c5 7. Nge2 Nbd7 8. Be3
Rb8 9. g4 a6 10. Ng3 Qc7 11. d5 Ne5 12. Be2 b5 13. cxb5 Qb6 14. O-O axb5 15.
Bxb5 Nfxg4 16. Bd2 Nf6 17. a4 Ba6 18. Qe2 Bxb5 19. Nxb5 h6 20. Be3 Rfc8 21. Kg2
Ne8 22. Rab1 Nc7 23. b4 Nd7 24. Qd2 Kh7 25. Ne2 {(=)} 25... Ne5 26. Rfc1 Na6
27. Rc2 Qd8 28. bxc5 Nxc5 29. Rbc1 Nxa4 30. Rxc8 Rxc8 31. Rxc8 Qxc8 32. Ned4
Nc4 33. Qe2 Nxe3+ 34. Qxe3 Qc4 35. Qd2 Nc5 36. Qc2 Qb4 37. Qf2 Nd3 38. Qe3 Qb2+
39. Kg1 Qb1+ 40. Kg2 Be5 41. Qd2 Nf4+ 42. Kf2 Qh1 43. Ke3 Qg1+ 44. Qf2 Qc1+ 45.
Qd2 Nxd5+ 0-1

[Event "SC Postbauer-Heng-Kieler SG Meerbauer"]
[Site "Bingen"]
[Date "2008.12.30"]
[Round "7.3"]
[White "Gogol, Max"]
[Black "Riexinger, Martin"]
[Result "0-1"]
[WhiteElo "1643"]
[BlackElo "1792"]
[PlyCount "76"]
[EventDate "2008.??.??"]

1. Nf3 d5 2. d3 Nf6 3. g3 g6 4. Bg2 Bg7 5. O-O O-O 6. Nbd2 c5 7. c4 Nc6 8. a3
b6 9. Rb1 Bb7 10. Qc2 Rc8 11. b3 e6 12. Bb2 Re8 13. Ne5 Qc7 14. Nxc6 Bxc6 15.
Rfc1 Qe7 16. cxd5 exd5 17. e3 Bb7 18. Nf3 Bh6 19. Re1 Bg7 20. Qe2 Ba6 21. Qd1
Red8 22. Rc1 Qe8 23. d4 Ne4 24. Ba1 c4 25. bxc4 Rxc4 26. Rxc4 Bxc4 27. Nd2 Nxd2
28. Qxd2 Bf8 29. Qc3 Qa4 30. Bb2 b5 31. e4 b4 32. Qc1 bxa3 33. Qa1 Rb8 34. Bc3
a2 35. Bf1 Bxf1 36. Kxf1 Qc2 37. exd5 Rb1 38. Rxb1 axb1=Q+ 0-1

[Event "SC Postbauer-Heng-Kieler SG Meerbauer"]
[Site "Bingen"]
[Date "2008.12.30"]
[Round "7.4"]
[White "Riexinger, Andreas"]
[Black "Dittmann, Jan"]
[Result "1/2-1/2"]
[WhiteElo "1725"]
[BlackElo "1717"]
[PlyCount "46"]
[EventDate "2008.??.??"]

1. d4 d5 2. c4 e6 3. Nc3 Nf6 4. Nf3 c6 5. Bf4 Bd6 6. Ne5 O-O 7. e3 Qe7 8. a3
Nbd7 9. cxd5 exd5 10. Nd3 Re8 11. Be2 Nf8 12. O-O Ng6 13. Bxd6 Qxd6 14. Ne1 Bf5
15. Bd3 Bxd3 16. Qxd3 Ng4 17. g3 Qe6 18. Nf3 h6 19. Na4 Nf6 20. Nc5 Qe7 21. Qc2
Ne4 22. Nd3 Rac8 23. b4 Qe6 1/2-1/2

[Event "SF Brackel 1930-USG Chemnitz"]
[Site "Bingen"]
[Date "2008.12.30"]
[Round "7.1"]
[White "Oltmanns, Ingmar"]
[Black "Zelbel, Patrick"]
[Result "0-1"]
[WhiteElo "1909"]
[BlackElo "2283"]
[PlyCount "116"]
[EventDate "2008.??.??"]

1. d4 Nf6 2. c4 c5 3. d5 e6 4. Nc3 exd5 5. cxd5 d6 6. e4 g6 7. Bd3 Bg7 8. Nf3
a6 9. a4 Bg4 10. h3 Bxf3 11. gxf3 Nbd7 12. f4 Qe7 13. Qe2 O-O 14. O-O Ne8 15.
Bd2 Nc7 16. Rab1 Rae8 17. f3 Nf6 18. Rbe1 Nh5 19. Qg2 Qh4 20. Qg4 Qg3+ 21. Qxg3
Nxg3 22. Rf2 Bd4 23. Be3 f5 24. Bxd4 cxd4 25. Kh2 Nh5 26. Ne2 Kg7 27. Kg2 Rf7
28. Rc1 Ref8 29. Rc4 fxe4 30. fxe4 Na8 31. Rxd4 Nxf4+ 32. Nxf4 Rxf4 33. Rxf4
Rxf4 34. Rb4 Rf7 35. Kg3 Kf6 36. Kf4 Re7 37. h4 h6 38. a5 Rg7 39. Rc4 Nc7 40.
Rc2 Ne8 41. Rf2 Ke7 42. Ke3 Nf6 43. Rc2 Ng4+ 44. Kd4 Ke8 45. Bf1 Ne5 46. Rf2
Ke7 47. Bh3 g5 48. hxg5 Rxg5 49. Rg2 Rxg2 50. Bxg2 Kd7 51. Bf1 Kc7 52. b4 Kd8
53. Bh3 h5 54. Ke3 h4 55. Bf1 Ke7 56. Kf4 Kf6 57. Be2 Kg6 58. Bg4 Nxg4 0-1

[Event "SF Brackel 1930-USG Chemnitz"]
[Site "Bingen"]
[Date "2008.12.30"]
[Round "7.2"]
[White "Kartsev, Alexandr"]
[Black "Nguyen Minh, Thuy"]
[Result "1-0"]
[WhiteElo "2033"]
[BlackElo "1841"]
[PlyCount "49"]
[EventDate "2008.??.??"]

1. d4 Nf6 2. Bg5 e6 3. e4 Be7 4. e5 Nd5 5. Bxe7 Qxe7 6. c4 Nb6 7. Nd2 c5 8. Ne4
O-O 9. dxc5 d5 10. cxd6 Qh4 11. Bd3 N8d7 12. g3 Qh6 13. f4 f5 14. exf6 Nxf6 15.
Nxf6+ Qxf6 16. Qe2 Bd7 17. Nf3 Bc6 18. O-O Bxf3 19. Rxf3 e5 20. Qe4 g6 21. c5
Nd7 22. Qxb7 Nxc5 23. Qd5+ Ne6 24. Bc4 Rae8 25. d7 1-0

[Event "SF Brackel 1930-USG Chemnitz"]
[Site "Bingen"]
[Date "2008.12.30"]
[Round "7.3"]
[White "Schaetz, Annika"]
[Black "Strathoff, Jens"]
[Result "0-1"]
[WhiteElo "1693"]
[BlackElo "1993"]
[PlyCount "50"]
[EventDate "2008.??.??"]

1. e4 e5 2. Nf3 Nc6 3. Bc4 Nf6 4. d4 exd4 5. O-O Be7 6. Re1 d6 7. Nxd4 O-O 8.
Nc3 Ne5 9. Bb3 c5 10. Nde2 c4 11. f4 cxb3 12. fxe5 bxc2 13. Qxc2 Qb6+ 14. Kh1
Ng4 15. Rf1 Nf2+ 16. Kg1 Nxe4+ 17. Kh1 Be6 18. Nf4 Rac8 19. exd6 Bxd6 20. h3
Nf6 21. Nxe6 fxe6 22. Qe2 Nh5 23. Qxe6+ Kh8 24. Re1 Ng3+ 25. Kh2 Ne4+ 0-1

[Event "SF Brackel 1930-USG Chemnitz"]
[Site "Bingen"]
[Date "2008.12.30"]
[Round "7.4"]
[White "Haidar, Marcel"]
[Black "Jentzsch, Jakob"]
[Result "1-0"]
[WhiteElo "1759"]
[BlackElo "1528"]
[PlyCount "47"]
[EventDate "2008.??.??"]

1. e4 c6 2. d4 d5 3. f3 g6 4. Nc3 Bg7 5. Be3 f6 6. Qd2 Be6 7. O-O-O Bf7 8. g4
h6 9. h4 Nd7 10. Bd3 e5 11. dxe5 Nxe5 12. exd5 cxd5 13. Bb5+ Kf8 14. Bc5+ Ne7
15. f4 Nd7 16. Bxe7+ Qxe7 17. Nxd5 Bxd5 18. Qxd5 Nb6 19. Qb3 g5 20. Nf3 gxf4
21. Rhe1 Qc5 22. Nd4 Qc8 23. Ne6+ Kg8 24. Ng5+ 1-0

[Event "SG Aufbau Elbe Magdeburg-SC Reti Heuswei"]
[Site "Bingen"]
[Date "2008.12.30"]
[Round "7.1"]
[White "Sonnhalter, Stella"]
[Black "Schiffner, Kevin"]
[Result "1-0"]
[WhiteElo "1623"]
[BlackElo "1938"]
[PlyCount "65"]
[EventDate "2008.??.??"]

1. e4 c5 2. Nc3 Nc6 3. f4 e6 4. Nf3 a6 5. Be2 d6 6. O-O Nf6 7. d3 Qc7 8. Qe1
Bd7 9. Qg3 Nd4 10. Bd1 h6 11. e5 Nf5 12. Qe1 Nd5 13. Nxd5 Qc6 14. Ne3 Nxe3 15.
Bxe3 d5 16. d4 c4 17. Nh4 Be7 18. Bg4 g6 19. Be2 Qb6 20. Rb1 Qd8 21. Nf3 Rc8
22. Bd2 g5 23. fxg5 hxg5 24. Qg3 Rg8 25. Rf2 Bb5 26. c3 Kd7 27. Rbf1 Rg7 28.
Ne1 Qg8 29. Bh5 Rf8 30. Qg4 Qh7 31. h3 Kc8 32. Bxf7 Rgxf7 33. Rxf7 1-0

[Event "SG Aufbau Elbe Magdeburg-SC Reti Heuswei"]
[Site "Bingen"]
[Date "2008.12.30"]
[Round "7.2"]
[White "Rafayevych, Vilen"]
[Black "Meiser, Michael"]
[Result "1-0"]
[WhiteElo "1992"]
[BlackElo "1568"]
[PlyCount "79"]
[EventDate "2008.??.??"]

1. d4 Nf6 2. c4 g6 3. Nc3 Bg7 4. e4 d6 5. f3 O-O 6. Be3 Nc6 7. Nge2 a6 8. Qd2
Rb8 9. Ng3 e5 10. d5 Nd4 11. Bd3 c5 12. O-O Bd7 13. h3 b5 14. f4 exf4 15. Bxf4
bxc4 16. Bxc4 Qb6 17. Rab1 Bb5 18. Bxb5 axb5 19. Bh6 Rbe8 20. Bxg7 Kxg7 21. Qg5
Qd8 22. Rxf6 Re5 23. Nh5+ Kg8 24. Qf4 gxh5 25. Re1 Qe7 26. Re3 Kh8 27. Qh6 Rg8
28. Qf4 Reg5 29. g3 Rxg3+ 30. Rxg3 Rxg3+ 31. Kh2 Rf3 32. Qxd6 Qxd6+ 33. Rxd6
Rf2+ 34. Kg3 Rxb2 35. Rd8+ Kg7 36. d6 Ne6 37. Rb8 b4 38. Nd5 Rxa2 39. d7 Re2
40. Nc7 1-0

[Event "SG Aufbau Elbe Magdeburg-SC Reti Heuswei"]
[Site "Bingen"]
[Date "2008.12.30"]
[Round "7.3"]
[White "Wilhelm, Robin"]
[Black "Schiffner, Alexander"]
[Result "0-1"]
[WhiteElo "1416"]
[BlackElo "1689"]
[PlyCount "116"]
[EventDate "2008.??.??"]

1. e4 c5 2. Nf3 Nc6 3. d4 cxd4 4. Nxd4 e6 5. Nb5 Nf6 6. Bg5 Be7 7. Bxf6 Bxf6 8.
Nd6+ Ke7 9. c3 a6 10. Be2 Qc7 11. Nxc8+ Raxc8 12. Nd2 Rhd8 13. Bf3 Kf8 14. O-O
Ne5 15. Qe2 d5 16. Nb3 Nxf3+ 17. Qxf3 dxe4 18. Qxe4 Kg8 19. Rfd1 g6 20. g3 Bg7
21. Qf3 b6 22. Rd3 a5 23. Rad1 Rxd3 24. Qxd3 Bf6 25. Qd6 Qb7 26. Qd7 Qa8 27.
Qb5 Rd8 28. Rxd8+ Qxd8 29. Qe2 Kg7 30. Qf3 Qd6 31. Kg2 a4 32. Nc1 Qd2 33. Nd3
a3 34. bxa3 Qxa2 35. Qb7 Qb3 36. Nb4 Qxa3 37. Qxb6 Qxc3 38. Nc6 Qd2 39. Qe3 Qd6
40. Qf3 h5 41. Na5 h4 42. Nc4 Qc5 43. Ne3 hxg3 44. hxg3 Bd4 45. Ng4 Qb6 46. Qf4
Qc6+ 47. Qf3 Qc5 48. Qf4 Qd5+ 49. Qf3 Qg5 50. Qe4 e5 51. Nh2 Qe7 52. Nf3 Qc5
53. Qe2 f5 54. Ng5 Qc6+ 55. Nf3 Qd5 56. Kg1 Qc5 57. Ng5 Qc1+ 58. Kg2 Qxg5 0-1

[Event "SG Aufbau Elbe Magdeburg-SC Reti Heuswei"]
[Site "Bingen"]
[Date "2008.12.30"]
[Round "7.4"]
[White "Tarouchkin, Alexander"]
[Black "Wilhelm, Kevin"]
[Result "0-1"]
[WhiteElo "1180"]
[BlackElo "1303"]
[PlyCount "62"]
[EventDate "2008.??.??"]

1. e4 e6 2. Nf3 d5 3. e5 c5 4. Bb5+ Nc6 5. O-O Qb6 6. Bxc6+ Qxc6 7. c3 Ne7 8.
d4 Nf5 9. h3 Be7 10. b3 O-O 11. Nbd2 f6 12. c4 cxd4 13. cxd5 Qxd5 14. Nc4 b6
15. Bb2 fxe5 16. Ncxe5 Bf6 17. Ng4 e5 18. Qd3 e4 19. Nxf6+ Rxf6 20. Qc4 Qxc4
21. bxc4 exf3 22. gxf3 Bb7 23. Rfe1 Bxf3 24. Re5 Rg6+ 25. Kf1 Nh4 26. Bxd4 Bg2+
27. Ke1 Nf3+ 28. Kd1 Nxd4 29. Kc1 Rf8 30. Kb2 Rxf2+ 31. Ka3 Nc2+ 0-1

[Event "SG Bochum 31-SC Leipzig-Gohlis"]
[Site "Bingen"]
[Date "2008.12.30"]
[Round "7.1"]
[White "Doberitz, Paul"]
[Black "Hohmann, Louisa"]
[Result "1-0"]
[WhiteElo "2073"]
[BlackElo "1739"]
[PlyCount "49"]
[EventDate "2008.??.??"]

1. e4 e5 2. Nf3 Nf6 3. d4 Nxe4 4. Bd3 d5 5. Nxe5 Nd7 6. O-O Nxe5 7. dxe5 Qh4 8.
Be3 c6 9. Nd2 Nxd2 10. Qxd2 Qb4 11. c3 Qa5 12. Bg5 h6 13. Bh4 g5 14. Bg3 Be7
15. f4 d4 16. f5 dxc3 17. bxc3 h5 18. Rae1 h4 19. Bf2 g4 20. f6 Bc5 21. e6 g3
22. exf7+ Kxf7 23. Bc4+ Kf8 24. Qd8+ Qxd8 25. Bxc5+ 1-0

[Event "SG Bochum 31-SC Leipzig-Gohlis"]
[Site "Bingen"]
[Date "2008.12.30"]
[Round "7.2"]
[White "Butschek, Marc"]
[Black "Meissner, Felix"]
[Result "0-1"]
[WhiteElo "1775"]
[BlackElo "2077"]
[PlyCount "78"]
[EventDate "2008.??.??"]

1. e4 c5 2. c3 d5 3. exd5 Qxd5 4. d4 Nf6 5. Na3 e6 6. Nb5 Na6 7. Qa4 Bd7 8. Be3
Qe4 9. Nf3 Nd5 10. Nd2 Qh4 11. g3 Qd8 12. Ne4 Bc6 13. O-O-O Nb6 14. Qc2 c4 15.
a4 Nc7 16. Bf4 Nxb5 17. axb5 Bxb5 18. Qe2 Nd5 19. Kd2 Be7 20. Qg4 Kf8 21. Bg5
f6 22. Qxe6 fxg5 23. Qf5+ Ke8 24. Qe5 Rf8 25. Qxg7 Qd7 26. Re1 Kd8 27. Qxh7 Kc7
28. Qg7 g4 29. Qe5+ Kb6 30. b3 Rf5 31. Qg7 Bg5+ 32. Qxg5 Rxg5 33. Nxg5 cxb3 34.
c4 Bc6 35. cxd5 Qxd5 36. Ne4 Qa5+ 37. Nc3 Bxh1 38. Re5 Qa1 39. Bb5 a6 0-1

[Event "SG Bochum 31-SC Leipzig-Gohlis"]
[Site "Bingen"]
[Date "2008.12.30"]
[Round "7.3"]
[White "Pantusenko, Valeria"]
[Black "Orhan, Eda"]
[Result "1/2-1/2"]
[WhiteElo "1642"]
[BlackElo "1603"]
[PlyCount "37"]
[EventDate "2008.??.??"]

1. e4 d5 2. exd5 Qxd5 3. Nf3 Nf6 4. Be2 e6 5. O-O Be7 6. c4 Qd8 7. d4 b6 8. Ne5
Bb7 9. f4 O-O 10. Bf3 Bxf3 11. Rxf3 c5 12. Rd3 cxd4 13. Qf3 Na6 14. Nc6 Qd7 15.
Nxe7+ Qxe7 16. Rxd4 Rfd8 17. Rxd8+ Rxd8 18. Nc3 Nc5 19. Be3 1/2-1/2

[Event "SG Bochum 31-SC Leipzig-Gohlis"]
[Site "Bingen"]
[Date "2008.12.30"]
[Round "7.4"]
[White "Budszuhn, Timo"]
[Black "Ohme, Markus"]
[Result "1-0"]
[WhiteElo "1470"]
[BlackElo "1366"]
[PlyCount "45"]
[EventDate "2008.??.??"]

1. e4 e5 2. Nf3 Nc6 3. d4 exd4 4. Nxd4 Bc5 5. Be3 Qf6 6. c3 Nge7 7. Bc4 O-O 8.
O-O Bb6 9. Re1 Rd8 10. Qd2 d5 11. exd5 Nxd5 12. Bg5 Qd6 13. Bxd8 Qxd8 14. Bxd5
Nxd4 15. cxd4 c6 16. Bb3 Bf5 17. Nc3 h6 18. Rad1 Bc7 19. Qe3 Qd6 20. Qe5 Qd7
21. Qe7 Rf8 22. Qxd7 Bxd7 23. Re7 1-0

[Event "SK Graefelfing-Schachklub Gau-Algesheim"]
[Site "Bingen"]
[Date "2008.12.30"]
[Round "7.1"]
[White "Meng, Pascal"]
[Black "Luessmann, Thomas"]
[Result "0-1"]
[WhiteElo "1595"]
[BlackElo "1765"]
[PlyCount "58"]
[EventDate "2008.??.??"]

1. d4 Nf6 2. Nf3 d5 3. Bf4 e6 4. e3 Nbd7 5. Bd3 c5 6. c3 b6 7. Nbd2 Bb7 8. O-O
Be7 9. Ne5 O-O 10. Bg3 cxd4 11. exd4 Ne4 12. Qc2 f5 13. Nxd7 Qxd7 14. f3 Nxg3
15. hxg3 Rac8 16. Qd1 e5 17. Qe2 e4 18. Bb5 Qe6 19. c4 Bf6 20. Qe3 dxc4 21.
Bxc4 Rxc4 22. Nxc4 Qxc4 23. Rfd1 Rd8 24. Kh2 Bxd4 25. Qg5 Rd6 26. g4 exf3 27.
Rxd4 Qxd4 28. gxf5 Qxb2 29. Rg1 Qe5+ 0-1

[Event "SK Graefelfing-Schachklub Gau-Algesheim"]
[Site "Bingen"]
[Date "2008.12.30"]
[Round "7.2"]
[White "Decher, Paul"]
[Black "Stephan, Nikita"]
[Result "1-0"]
[WhiteElo "1693"]
[BlackElo "1602"]
[PlyCount "85"]
[EventDate "2008.??.??"]

1. e4 e5 2. Nf3 Nf6 3. Nc3 Bb4 4. d3 d5 5. a3 Bxc3+ 6. bxc3 dxe4 7. Nxe5 O-O 8.
Be2 Re8 9. d4 Bf5 10. O-O Nbd7 11. Nc4 c6 12. Nd6 Bg6 13. Nxe8 Qxe8 14. c4 a6
15. a4 Nf8 16. c3 Ne6 17. Be3 Rd8 18. Qb3 Rd7 19. Rfd1 Qd8 20. Rd2 Nh5 21. Qd1
Nhf4 22. Bg4 f5 23. Bxf4 Nxf4 24. g3 Nd3 25. Be2 f4 26. Bxd3 exd3 27. Qg4 fxg3
28. hxg3 Re7 29. f4 Qe8 30. Qd1 Re2 31. Rxe2 Qxe2 32. Qxe2 dxe2 33. d5 Bd3 34.
d6 Kf7 35. c5 a5 36. Kf2 Ke6 37. Re1 b5 38. axb5 cxb5 39. Rxe2+ Bxe2 40. Kxe2
a4 41. Kd2 Kd7 42. Kc2 Kc6 43. Kb2 1-0

[Event "SK Graefelfing-Schachklub Gau-Algesheim"]
[Site "Bingen"]
[Date "2008.12.30"]
[Round "7.4"]
[White "Bothe, Thomas"]
[Black "Grieb, Tobias"]
[Result "1-0"]
[WhiteElo "1306"]
[BlackElo "1315"]
[PlyCount "37"]
[EventDate "2008.??.??"]

1. e4 e6 2. d4 d5 3. exd5 exd5 4. Bf4 c6 5. Bd3 Qb6 6. Qe2+ Be7 7. c3 Nf6 8.
Nf3 Bg4 9. Qc2 Nbd7 10. Nbd2 Bxf3 11. Nxf3 O-O-O 12. O-O-O h6 13. Rhe1 Rhe8 14.
Bf5 Nh5 15. Ne5 Qc7 16. Bd2 Rf8 17. Nxd7 Rxd7 18. Rxe7 Nf6 19. Bxd7+ 1-0

[Event "SV 1920 Hofheim-Koenigsspr. SC von 1984"]
[Site "Bingen"]
[Date "2008.12.30"]
[Round "7.1"]
[White "Borgmeyer, Max"]
[Black "Geske, Julian"]
[Result "0-1"]
[WhiteElo "2031"]
[BlackElo "2177"]
[PlyCount "80"]
[EventDate "2008.??.??"]

1. e4 d5 2. Nc3 dxe4 3. Nxe4 Qd5 4. d3 e5 5. Nf3 Nc6 6. Be2 Be6 7. O-O f5 8.
Nc3 Qd7 9. Ng5 O-O-O 10. Nxe6 Qxe6 11. Bd2 Nf6 12. Qc1 h6 13. Re1 g5 14. Bf1 g4
15. Ne2 Qd7 16. g3 h5 17. Bg5 Be7 18. Bg2 Nd5 19. Nc3 Rdg8 20. Bxe7 Ndxe7 21.
b4 Ng6 22. Nd5 Qd6 23. c4 Nd4 24. c5 Qd8 25. b5 Nf3+ 26. Bxf3 gxf3 27. Qc4 h4
28. b6 axb6 29. cxb6 c6 30. Qa4 Qxd5 31. Qa8+ Kd7 32. Qxb7+ Ke6 33. Rac1 Ne7
34. d4 e4 35. Red1 hxg3 36. hxg3 e3 37. Re1 Rxg3+ 38. fxg3 f2+ 39. Kf1 Rh1+ 40.
Ke2 Rxe1+ 0-1

[Event "SV 1920 Hofheim-Koenigsspr. SC von 1984"]
[Site "Bingen"]
[Date "2008.12.30"]
[Round "7.2"]
[White "Hartmann, Nicolas"]
[Black "Lock, Adrian"]
[Result "1-0"]
[WhiteElo "1895"]
[BlackElo "1924"]
[PlyCount "91"]
[EventDate "2008.??.??"]

1. e4 e6 2. Nf3 d5 3. Nc3 Nf6 4. e5 Nfd7 5. d4 c5 6. dxc5 Nc6 7. Bf4 Be7 8. Bd3
Nxc5 9. O-O O-O 10. Qd2 Bd7 11. Ne2 Rc8 12. Ned4 a6 13. Nb3 Nxd3 14. cxd3 Qb6
15. Be3 Qb4 16. Rfd1 Qg4 17. Nbd4 Qh5 18. Nxc6 Bxc6 19. Bd4 Qg6 20. Rac1 Bb5
21. Rxc8 Rxc8 22. h3 f6 23. Kh1 Bc6 24. Rc1 Qf5 25. Qe2 Re8 26. a3 Bd8 27. Kg1
Bb5 28. Rc3 Ba5 29. b4 Bd8 30. Qc2 Bc6 31. Qe2 Bc7 32. Kh1 Qh5 33. Qe1 f5 34.
Bc5 Bd8 35. Bd6 g5 36. Nd4 g4 37. Kh2 gxh3 38. gxh3 Bd7 39. Rc1 Qh4 40. Qe3 Bg5
41. Rg1 f4 42. Qd2 h6 43. Nf3 Qh5 44. Nxg5 hxg5 45. Qxf4 Kh7 46. Rxg5 1-0

[Event "SV 1920 Hofheim-Koenigsspr. SC von 1984"]
[Site "Bingen"]
[Date "2008.12.30"]
[Round "7.3"]
[White "Streich, Justus"]
[Black "Ackermann, Johannes"]
[Result "1-0"]
[WhiteElo "1725"]
[BlackElo "1865"]
[PlyCount "79"]
[EventDate "2008.??.??"]

1. e4 e5 2. Nc3 Nf6 3. Bc4 Nxe4 4. Qh5 Nd6 5. Bb3 Be7 6. Nf3 Nc6 7. Nxe5 Nxe5
8. Qxe5 O-O 9. O-O Bf6 10. Qh5 b6 11. d3 g6 12. Qg4 Bb7 13. Nd5 Bg7 14. Bg5 h5
15. Bxd8 hxg4 16. Be7 Nf5 17. Bxf8 Rxf8 18. c3 Be5 19. d4 Bd6 20. Nf6+ Kg7 21.
Nxg4 Nh4 22. f3 Rh8 23. Ne5 f6 24. Nf7 Rf8 25. Nxd6 cxd6 26. Rae1 Bc8 27. Re7+
Kh6 28. Rfe1 Nf5 29. Re8 Rxe8 30. Rxe8 Bb7 31. Ba4 Bc6 32. Bxc6 dxc6 33. Ra8 a5
34. Ra6 c5 35. dxc5 bxc5 36. Rxa5 Kg5 37. b4 Ne7 38. bxc5 dxc5 39. Rxc5+ f5 40.
a4 1-0

[Event "SV 1920 Hofheim-Koenigsspr. SC von 1984"]
[Site "Bingen"]
[Date "2008.12.30"]
[Round "7.4"]
[White "Sohl, Thies"]
[Black "Akram, Shumon"]
[Result "1-0"]
[WhiteElo "1703"]
[BlackElo "1515"]
[PlyCount "77"]
[EventDate "2008.??.??"]

1. e4 Nf6 2. e5 Nd5 3. d4 d6 4. c4 Nb6 5. exd6 exd6 6. Nc3 Be7 7. Be3 Bf5 8. c5
dxc5 9. dxc5 N6d7 10. Qf3 Be6 11. Qxb7 c6 12. Qxa8 Qc7 13. Ba6 Nxc5 14. Bxc5
Bxc5 15. Qb7 Qxb7 16. Bxb7 Kd7 17. Nf3 Kc7 18. Ba8 Nd7 19. Bxc6 Kxc6 20. O-O
Rb8 21. b3 h6 22. Ne4 Bb6 23. Rac1+ Kb7 24. Rfd1 g6 25. Nd4 Bxd4 26. Rxd4 Ka8
27. Rc7 Rb7 28. Rxb7 Kxb7 29. f4 Kc6 30. Kf2 Kc7 31. Ke3 Kc6 32. Kd2 Nc5 33.
Kc3 Nxe4+ 34. Rxe4 Bd5 35. Re2 Be6 36. Kd4 Kd6 37. Re5 h5 38. Ra5 Bd5 39. Rxd5+
1-0

[Event "Schachfreunde Deizisau-Segeberger Schach"]
[Site "Bingen"]
[Date "2008.12.30"]
[Round "7.1"]
[White "Marx, Joschka"]
[Black "Zhou, Syang"]
[Result "0-1"]
[WhiteElo "1942"]
[BlackElo "2083"]
[PlyCount "195"]
[EventDate "2008.??.??"]

1. e4 c5 2. Nf3 d6 3. d3 g6 4. g3 Bg7 5. Bg2 e6 6. O-O Nc6 7. c3 e5 8. h3 Nge7
9. Na3 Rb8 10. Nc2 O-O 11. Nfe1 Be6 12. Be3 f5 13. f3 f4 14. gxf4 exf4 15. Bf2
Nc8 16. d4 cxd4 17. Nxd4 Bc4 18. Ne2 Bf6 19. Nd3 Ne5 20. Nxe5 dxe5 21. Qc2 Bh4
22. Bc5 Be7 23. Bf2 Bh4 24. Bc5 {(=)} 24... Be7 25. Bf2 Qc7 26. Rfd1 Bc5 27.
Nc1 Bxf2+ 28. Qxf2 Nb6 29. Nb3 Rbc8 30. Rd2 Be6 31. Bf1 Bc4 32. Bg2 Bb5 33. Na5
Nd7 34. Nb3 a5 35. Bf1 Bxf1 36. Rxf1 a4 37. Na1 Nb6 38. Rfd1 Rfd8 39. Rxd8+
Rxd8 40. Rxd8+ Qxd8 41. Kh2 Nc4 42. Qe2 Ne3 43. Nc2 Qd1 44. Qxd1 Nxd1 45. Nb4
Nxb2 46. Kg2 Kf7 47. Kf2 Nd1+ 48. Ke2 Nxc3+ 49. Kd3 Nb5 50. Nc2 Nd6 51. Kc3 Kf6
52. Ne1 Kg5 53. Ng2 Nb5+ 54. Kc4 Nd4 55. Ne1 Kh4 56. Kd5 Kg3 57. Kxe5 Nxf3+ 58.
Nxf3 Kxf3 59. Kd5 Kg3 60. e5 f3 61. e6 f2 62. e7 f1=Q 63. e8=Q Qd3+ 64. Kc5
Qc3+ 65. Kb5 Qb2+ 66. Ka5 Qxa2 67. Qe3+ Kg2 68. Qe4+ Kxh3 69. Qf3+ Kh4 70. Qf4+
Kh5 71. Qe5+ g5 72. Qe8+ Kh4 73. Qe4+ g4 74. Qxh7+ Kg3 75. Qd3+ Kh2 76. Qh7+
Kg1 77. Qd3 b6+ 78. Ka6 Kf2 79. Qd4+ Kf3 80. Qd3+ Kf4 81. Qd4+ Kf5 82. Qd3+ Ke5
83. Qg3+ Kf5 84. Qd3+ Kg5 85. Qe3+ Kh4 86. Qh6+ Kg3 87. Qe3+ Kh2 88. Qh6+ Kg1
89. Qxb6+ Qf2 90. Qb4 Qf3 91. Ka5 a3 92. Qc5+ Kg2 93. Qc2+ Kf1 94. Qc1+ Kf2 95.
Qd2+ Qe2 96. Qf4+ Qf3 97. Qh6 a2 98. Qb6+ {Rest nicht nachvollziehbar} 0-1

[Event "Schachfreunde Deizisau-Segeberger Schach"]
[Site "Bingen"]
[Date "2008.12.30"]
[Round "7.2"]
[White "Fruechel, Marcel"]
[Black "Schwarzat, Julian"]
[Result "1/2-1/2"]
[WhiteElo "1832"]
[BlackElo "1951"]
[PlyCount "59"]
[EventDate "2008.??.??"]

1. d4 Nf6 2. Nf3 e6 3. Bf4 b6 4. e3 Bb7 5. Nbd2 d5 6. Bd3 Bd6 7. Bg3 O-O 8. c3
Nbd7 9. Qc2 Re8 10. Ne5 Nf8 11. Bh4 Ng6 12. Nxg6 hxg6 13. Nf3 e5 14. dxe5 Bxe5
15. Nxe5 Rxe5 16. O-O-O Qe8 17. Bg3 Re7 18. Rhg1 Rd8 19. Be2 Ne4 20. Bf3 Red7
21. Qa4 Nc5 22. Qc2 a5 23. Rd4 Ne4 24. Bxe4 dxe4 25. Rgd1 c5 26. Rxd7 Rxd7 27.
Rd2 Rxd2 28. Qxd2 Qb5 29. Qd8+ Kh7 30. Qh4+ 1/2-1/2

[Event "Schachfreunde Deizisau-Segeberger Schach"]
[Site "Bingen"]
[Date "2008.12.30"]
[Round "7.3"]
[White "Huhnstock, Rico"]
[Black "Rempeli, Alex"]
[Result "1-0"]
[WhiteElo "1876"]
[BlackElo "1713"]
[PlyCount "55"]
[EventDate "2008.??.??"]

1. e4 c5 2. Nf3 e6 3. b3 d6 4. Bb2 e5 5. Nc3 Nf6 6. h3 Be7 7. Bc4 a6 8. a4 b6
9. d3 Nc6 10. Nd5 Bb7 11. Nxf6+ Bxf6 12. Bd5 Qc7 13. O-O O-O 14. Nh2 Nd4 15.
Bxb7 Qxb7 16. Ng4 Bg5 17. Ne3 Rad8 18. g3 Qd7 19. Kh2 Qe6 20. f4 exf4 21. gxf4
Bxf4+ 22. Rxf4 Qe5 23. Qg4 h5 24. Qg3 Rfe8 25. Rg1 b5 26. Bxd4 cxd4 27. Nf5 g6
28. Nh6+ 1-0

[Event "Schachfreunde Deizisau-Segeberger Schach"]
[Site "Bingen"]
[Date "2008.12.30"]
[Round "7.4"]
[White "Winkler, Tim"]
[Black "Neitzel, Mirko"]
[Result "1/2-1/2"]
[WhiteElo "1543"]
[BlackElo "1706"]
[PlyCount "51"]
[EventDate "2008.??.??"]

1. e4 c5 2. Nf3 Nc6 3. d4 cxd4 4. Nxd4 g6 5. c4 Bg7 6. Be3 Nf6 7. Nc3 d6 8. Be2
O-O 9. O-O Nxd4 10. Bxd4 Nd7 11. Bxg7 Kxg7 12. f3 Nc5 13. Qd2 Bd7 14. b3 Rc8
15. Rac1 Bc6 16. Rfd1 Qc7 17. Kh1 a5 18. h3 h5 19. Qb2 Kh7 20. Qd2 Rcd8 21. Qg5
Ne6 22. Qh4 Kg7 23. Bd3 b6 24. Qf2 Qb7 25. Qe3 Nc7 26. Re1 1/2-1/2

[Event "Schachfreunde Paderborn 2000-SV Jedeshei"]
[Site "Bingen"]
[Date "2008.12.30"]
[Round "7.1"]
[White "von Schwerin, Clemens"]
[Black "Neukoetter, Max"]
[Result "1/2-1/2"]
[WhiteElo "1774"]
[BlackElo "1980"]
[PlyCount "93"]
[EventDate "2008.??.??"]

1. e4 c5 2. Nc3 Nc6 3. g3 g6 4. Bg2 Bg7 5. d3 d6 6. Be3 Rb8 7. Qd2 Qa5 8. Nge2
Nd4 9. O-O Nxe2+ 10. Qxe2 Bxc3 11. bxc3 Qxc3 12. f4 Nf6 13. h3 h6 14. e5 dxe5
15. fxe5 Qxe5 16. Qf2 Qf5 17. Bxc5 Qxf2+ 18. Rxf2 b6 19. Bd4 19... Be6 {(=)}
20. Bxf6 exf6 21. Rxf6 Rc8 22. Rf2 Rc3 23. a4 O-O 24. a5 Rfc8 25. axb6 axb6 26.
Rb1 Rxc2 27. Rxc2 Rxc2 28. Rxb6 {(=)} 28... Rd2 29. Rd6 Kf8 30. g4 Ke7 31. Rd4
f5 32. Kh2 Kf6 33. gxf5 Bxf5 34. Kg3 Ke5 35. Rd5+ Ke6 36. Rd8 Rxd3+ 37. Rxd3
Bxd3 38. Kf4 g5+ 39. Kg3 h5 40. Bf3 h4+ 41. Kg2 Ke5 42. Bd1 Kf4 43. Bh5 Ke3 44.
Bg4 Bc4 45. Bh5 Be2 46. Be8 Bf3+ 47. Kh2 1/2-1/2

[Event "Schachfreunde Paderborn 2000-SV Jedeshei"]
[Site "Bingen"]
[Date "2008.12.30"]
[Round "7.2"]
[White "Hoette, Philipp"]
[Black "Lerch, Matthias"]
[Result "1/2-1/2"]
[WhiteElo "1725"]
[BlackElo "1829"]
[PlyCount "59"]
[EventDate "2008.??.??"]

1. Nf3 e6 2. d4 f5 3. c4 Nf6 4. Nc3 d5 5. Bg5 c6 6. Bxf6 Qxf6 7. e3 Bd6 8. Be2
O-O 9. c5 Bc7 10. b4 Nd7 11. Nd2 e5 12. Nb3 f4 13. g3 exd4 14. exd4 f3 15. Bd3
b5 16. Qc2 Qh6 17. Qd2 Re8+ 18. Kd1 Qxd2+ 19. Kxd2 Nf6 20. Rhe1 Bd7 21. Rxe8+
Rxe8 22. a4 bxa4 23. Rxa4 Bb8 24. Bf1 Bc8 25. h3 h5 26. Na5 Re6 27. Ra1 Kf7 28.
Re1 Rxe1 29. Kxe1 Bd7 30. b5 1/2-1/2